طبقات الشعراء المحديثن / (رقم التسجيلة. 2447)

تفاصيل مارك
000 -LEADER
fixed length control field 00581nam a22001817a 4500
005 - DATE AND TIME OF LATEST TRANSACTION
control field 20251108164043.0
008 - FIXED-LENGTH DATA ELEMENTS--GENERAL INFORMATION
fixed length control field 250721s1997 xx 000 0 ara d
082 14 - DEWEY DECIMAL CLASSIFICATION NUMBER
Classification number م/811.53/معت
100 1# - MAIN ENTRY--PERSONAL NAME
Personal name إبن المعتز، أبو العباس عبد الله
245 10 - TITLE STATEMENT
Title طبقات الشعراء المحديثن /
264 1# - PRODUCTION, PUBLICATION, DISTRIBUTION, MANUFACTURE, AND COPYRIGHT NOTICE
Place of production, publication, distribution, manufacture بيروت :
Name of producer, publisher, distributor, manufacturer دار الارقم بن الارقم،
Date of production, publication, distribution, manufacture, or copyright notice 1997.
300 ## - PHYSICAL DESCRIPTION
Extent 765ص
650 17 - SUBJECT ADDED ENTRY--TOPICAL TERM
Topical term or geographic name as entry element الأدب العربي
650 17 - SUBJECT ADDED ENTRY--TOPICAL TERM
Topical term or geographic name as entry element العصر العباسي
700 1# - ADDED ENTRY--PERSONAL NAME
Personal name الطباع، عمر
Relator term تحقيق
942 ## - ADDED ENTRY ELEMENTS (KOHA)
Source of classification or shelving scheme Dewey Decimal Classification
Koha item type مراجع
المقتنيات
حالة السحب حالة الفقدان مصدر التصنيف حالة التلف غير قابل للإعارة المكتبة الرئيسية المكتبة الحالية موقع الرف تاريخ التزويد الرقم المتسلسل Total Checkouts رقم الإستدعاء الباركود تاريخ آخر ظهور تاريخ الفاتورة نوع المادة (كوها)
    Dewey Decimal Classification   Not For Loan مكتبةمؤتة مكتبةمؤتة مراجع 06/07/2004 470461   م/811.53/معت 470461 28/07/2025 06/07/2004 مراجع
Implemented & Customized by: BBB with SCIT (Smart Chains for Information Technology)

Powered by Koha